[Event "Titled Tue 24th Jun Late"]
[Site "chess.com INT"]
[Date "2025.06.24"]
[Round "1"]
[White "Chigaev, Maksim"]
[Black "Aalto, Patrik"]
[Result "1-0"]
[WhiteTitle "GM"]
[BlackTitle "FM"]
[WhiteElo "2635"]
[BlackElo "2316"]
[WhiteFideId "4108116"]
[BlackFideId "510726"]
[EventDate "2025.06.24"]

1. e4 c5 2. Nf3 e6 3. g3 d5 4. exd5 exd5 5. Bg2 Nf6 6. O-O Be7 7. d4 O-O 8. Nc3
cxd4 9. Nxd4 Nc6 10. h3 h6 11. Be3 Re8 12. Re1 Bb4 13. a3 Bxc3 14. bxc3 Ne5 15.
Bf4 Ng6 16. Qf3 Nxf4 17. Qxf4 Bd7 18. c4 dxc4 19. Bxb7 Rb8 20. Nc6 Bxc6 21. Bxc6
Rxe1+ 22. Rxe1 Rc8 23. Bb7 Rc7 24. Bf3 c3 25. Kg2 Rc8 26. Rd1 Qc7 27. Qb4 g6 28.
Rd3 Qc5 29. Rd8+ Kg7 30. Rxc8 Qxc8 31. Qd4 Qc7 32. h4 g5 33. hxg5 hxg5 34. g4
Kg6 35. a4 Qf4 36. Qd3+ Kg7 37. Qxc3 Kg6 38. a5 Nxg4 39. Qd3+ Kg7 40. Qc3+ f6
41. Qd3 Ne5 42. Qe4 Qxf3+ 43. Qxf3 Nxf3 44. Kxf3 Kf7 45. Ke4 Ke6 46. c4 f5+ 47.
Kd4 Kd6 48. c5+ Kc6 49. Ke5 Kxc5 50. Kxf5 Kb5 51. Kxg5 Kxa5 52. f4 Kb4 53. f5 a5
54. f6 a4 55. f7 a3 56. f8=Q+ Kb3 57. Qf6 Kc2 58. Qa1 Kb3 59. Kf4 1-0

[Event "Titled Tue 24th Jun Late"]
[Site "chess.com INT"]
[Date "2025.06.24"]
[Round "1"]
[White "Predein, Vladimir"]
[Black "Tang, Dylan"]
[Result "0-1"]
[WhiteTitle "IM"]
[BlackTitle "FM"]
[WhiteElo "2373"]
[BlackElo "2236"]
[WhiteFideId "4117786"]
[BlackFideId "30972531"]
[EventDate "2025.06.24"]

1. e4 d6 2. d4 Nf6 3. Nc3 c6 4. f4 Qa5 5. Bd3 e5 6. Nf3 Nbd7 7. O-O Be7 8. Kh1
exd4 9. Nxd4 Nc5 10. e5 dxe5 11. fxe5 Bg4 12. Qe1 Nxd3 13. cxd3 Nd5 14. Bd2 Qb6
15. Nxd5 cxd5 16. Be3 Bc5 17. e6 Bxd4 18. Qf2 Qxe6 19. Bxd4 O-O 20. Rae1 Qg6 21.
h3 Bd7 22. Re3 f6 23. Re7 Bc6 24. Rfe1 Rae8 25. Qf4 Rxe7 26. Rxe7 Re8 27. Rc7
Re1+ 28. Kh2 Re2 29. Rc8+ Be8 30. Qf3 Re7 31. Qxd5+ Qf7 32. Qf3 Qe6 33. Rc4 Qd6+
34. Qg3 Qxg3+ 35. Kxg3 Bc6 36. Bc5 Re2 37. Rb4 Rxg2+ 38. Kf4 Kf7 39. Bxa7 Ke6
40. Bc5 g5+ 41. Ke3 Rg3+ 42. Kd4 Rxh3 43. a4 Rh4+ 44. Ke3 Rxb4 45. Bxb4 Bxa4 46.
Be1 Bc6 47. b4 h5 48. d4 Kf5 49. Kd3 Bd5 50. b5 h4 51. b6 Kg4 52. Ke3 f5 53. Kf2
f4 54. Bb4 h3 55. Kg1 Kg3 56. Be1+ Kf3 57. Kh2 g4 58. Bh4 Be6 59. d5 g3+ 60.
Bxg3 fxg3+ 61. Kg1 Bxd5 62. Kf1 g2+ 63. Ke1 Ke3 0-1

[Event "Titled Tue 24th Jun Late"]
[Site "chess.com INT"]
[Date "2025.06.24"]
[Round "1"]
[White "Rodgers, Jack"]
[Black "Yevchenko, Oleksandr"]
[Result "1-0"]
[WhiteTitle "FM"]
[BlackTitle "CM"]
[WhiteElo "2183"]
[BlackElo "2276"]
[WhiteFideId "3220885"]
[BlackFideId "14108267"]
[EventDate "2025.06.24"]

1. d4 Nf6 2. Bg5 d5 3. Bxf6 exf6 4. e3 c5 5. c3 Nc6 6. g3 cxd4 7. cxd4 Bb4+ 8.
Nc3 Qa5 9. Qb3 O-O 10. Bg2 Be6 11. Ne2 Rab8 12. O-O Rfd8 13. Rfc1 a6 14. Nf4 Ne7
15. a3 Bxc3 16. Rxc3 b5 17. Rc5 Rbc8 18. Rxc8 Rxc8 19. Nxd5 Nxd5 20. Bxd5 Bxd5
21. Qxd5 g6 22. b4 Qa4 23. h4 h5 24. Qf3 Rc3 25. Qxf6 Rxa3 26. Rxa3 Qxa3 27. Qd6
Kg7 28. Kg2 a5 29. Qe5+ Kg8 30. bxa5 Qxa5 31. d5 b4 32. Qb8+ Kg7 33. d6 Qd5+ 34.
Kh2 Qf3 35. Kg1 Qd1+ 36. Kg2 Qd5+ 37. f3 b3 38. Qb4 Kh7 39. Qc3 Qb7 40. d7 Qxd7
41. Qxb3 Qd2+ 42. Kh3 Qe1 43. Qxf7+ Kh8 44. Qf6+ Kh7 45. Qe7+ Kh6 46. Qf8+ Kh7
47. Qe7+ Kh6 48. g4 Qh1+ 49. Kg3 1-0

[Event "Titled Tue 24th Jun Late"]
[Site "chess.com INT"]
[Date "2025.06.24"]
[Round "1"]
[White "Cieslak, Patryk"]
[Black "Rao, Anjaneya Sripathy"]
[Result "1-0"]
[WhiteTitle "FM"]
[BlackTitle "CM"]
[WhiteElo "2442"]
[BlackElo "2217"]
[WhiteFideId "21078882"]
[BlackFideId "30954770"]
[EventDate "2025.06.24"]

1. Nf3 d5 2. b3 Nf6 3. Bb2 e6 4. e3 Be7 5. Be2 O-O 6. O-O b6 7. c4 Bb7 8. Nc3 c5
9. cxd5 Nxd5 10. Qc2 Nc6 11. Rad1 Bf6 12. a3 Rc8 13. h3 h6 14. Nxd5 exd5 15.
Bxf6 Qxf6 16. Qb1 d4 17. b4 cxb4 18. axb4 dxe3 19. dxe3 Ne5 20. Nd4 Qg5 21. g3
Qf6 22. Qf5 Qe7 23. b5 Rc5 24. Qb1 Qd7 25. Kh2 Qc8 26. Nf5 Qc7 27. Nd4 Rd8 28.
Rc1 Ba8 29. Qa1 Qb7 30. Rg1 Rxc1 31. Qxc1 Rc8 32. Qb1 a5 33. bxa6 Qd5 34. Qb5
Qd6 35. Nf5 Qf6 36. g4 g6 37. f4 Nf3+ 38. Bxf3 Bxf3 39. Nd4 Be4 40. g5 hxg5 41.
Qxg5 Qd6 42. Qe5 Qxe5 43. fxe5 Re8 44. Ra1 Rxe5 45. a7 Bd5 46. a8=Q+ Bxa8 47.
Rxa8+ Kg7 48. Ra3 b5 49. Rb3 b4 50. Kg3 f5 51. Kf4 Re4+ 52. Kf3 Rh4 53. Kg3 Re4
54. Kf2 Rh4 55. Rxb4 Rxh3 56. Rb7+ Kf6 57. Rb6+ Kg5 58. Nf3+ Kh5 59. Rb8 Kg4 60.
Ne5+ Kg5 61. Rg8 Rh6 62. Nf7+ 1-0

[Event "Titled Tue 24th Jun Late"]
[Site "chess.com INT"]
[Date "2025.06.24"]
[Round "1"]
[White "Demchenko, Yaroslav"]
[Black "Maghsoodloo, Parham"]
[Result "0-1"]
[WhiteTitle "CM"]
[BlackTitle "GM"]
[WhiteElo "2263"]
[BlackElo "2691"]
[WhiteFideId "14186667"]
[BlackFideId "12539929"]
[EventDate "2025.06.24"]

1. e4 d6 2. d4 g6 3. Nc3 Bg7 4. Be3 a6 5. Qd2 Nd7 6. Nf3 b5 7. Bd3 c5 8. a4 b4
9. Ne2 a5 10. c3 bxc3 11. bxc3 cxd4 12. cxd4 Ngf6 13. O-O O-O 14. Bh6 e5 15.
Bxg7 Kxg7 16. Ng3 exd4 17. Nxd4 Nc5 18. Bc2 h5 19. Qg5 Kg8 20. Nc6 Ne6 21. Qh4
g5 22. Nxd8 gxh4 23. Nxe6 fxe6 24. Ne2 Ba6 25. Rfe1 Bxe2 26. Rxe2 Ng4 27. h3 Ne5
28. Bb3 Kf7 29. Rd1 Ke7 30. Red2 Ra6 31. Rc2 Rd8 32. Rc7+ Rd7 33. Rc8 Rb6 34.
Bc4 Rb4 35. Bb5 Rd8 36. Rc7+ Kf6 37. f4 Nf7 38. e5+ Kg6 39. Bd3+ Kg7 40. Bb5 Kg8
41. f5 dxe5 42. Rxd8+ Nxd8 43. f6 Rd4 44. Rg7+ Kf8 45. Rh7 Nf7 46. Rxh5 Nd6 47.
Rxe5 Kf7 48. Kf2 Kxf6 49. Rh5 Nf5 50. Rh8 e5 51. Rf8+ Ke6 52. Kf3 Rf4+ 53. Ke2
Nd4+ 0-1

[Event "Titled Tue 24th Jun Late"]
[Site "chess.com INT"]
[Date "2025.06.24"]
[Round "1"]
[White "Tang, Andrew"]
[Black "Mei, Austin"]
[Result "0-1"]
[WhiteTitle "GM"]
[BlackTitle "FM"]
[WhiteElo "2529"]
[BlackElo "2280"]
[WhiteFideId "2059630"]
[BlackFideId "30948479"]
[EventDate "2025.06.24"]

1. d4 Nf6 2. Bf4 g6 3. Nc3 d5 4. e3 Bg7 5. Nb5 Na6 6. Nc3 Nb8 7. h4 a6 8. Be2 h6
9. Nf3 c5 10. dxc5 Qa5 11. O-O Qxc5 12. Ne5 Nc6 13. Bf3 Be6 14. a3 O-O 15. Na4
Qa5 16. c3 Rac8 17. b4 Qd8 18. Nc5 Bf5 19. Nxb7 Qb6 20. Nc5 Rfd8 21. Nxc6 Rxc6
22. Rc1 Ne4 23. Bxe4 dxe4 24. Qb3 Rxc5 25. c4 Rcc8 26. c5 Qa7 27. Qa4 Bd7 28.
Qa5 Bb5 29. Rfe1 e5 30. Bg3 Qc7 31. Qxc7 Rxc7 32. Ra1 Ba4 33. Rec1 f6 34. Ra2
Kf7 35. Rb2 Ke6 36. Kh2 Rd3 37. Ra2 g5 38. hxg5 hxg5 39. Kg1 f5 40. Bh2 f4 41.
Re1 Rcd7 42. Rae2 Rd1 43. exf4 gxf4 44. Rxe4 Kf5 45. f3 Rxe1+ 46. Rxe1 Rd1 47.
Kf2 Rd2+ 48. Re2 Rxe2+ 49. Kxe2 Ke6 50. Kd3 Kd5 51. Bg1 Bf8 52. Kc3 Bb5 53. Kb3
Bf1 54. g3 fxg3 55. Kc3 Bg2 56. a4 Bxf3 57. Kd3 e4+ 58. Ke3 Bg7 59. Kf4 g2 60.
c6 Kxc6 61. Kf5 Kd5 62. b5 axb5 63. axb5 Bd4 0-1

[Event "Titled Tue 24th Jun Late"]
[Site "chess.com INT"]
[Date "2025.06.24"]
[Round "1"]
[White "Raptis, Nick"]
[Black "Martinez, Shawn"]
[Result "1-0"]
[WhiteTitle "FM"]
[WhiteElo "2220"]
[BlackElo "1921"]
[WhiteFideId "2016850"]
[BlackFideId "2039770"]
[EventDate "2025.06.24"]

1. d4 d5 2. Nc3 Nf6 3. Bg5 e6 4. e4 dxe4 5. Nxe4 Nbd7 6. Nf3 Be7 7. Nxf6+ Nxf6
8. Bd3 O-O 9. Qe2 h6 10. Bh4 c5 11. dxc5 Qa5+ 12. c3 Qxc5 13. O-O Bd7 14. Ne5
Bc6 15. Nxc6 Qxc6 16. Rad1 Rfd8 17. Rd2 a6 18. Rfd1 Qb6 19. h3 Rac8 20. Bc2 Rxd2
21. Rxd2 Rd8 22. Rxd8+ Bxd8 23. c4 Qd4 24. Bg3 Bb6 25. Be5 Qh4 26. b4 Qg5 27. c5
Bd8 28. f4 Qg3 29. Qd3 Qxd3 30. Bxd3 Nd5 31. a3 f6 32. Bd6 g5 33. fxg5 fxg5 34.
Be4 Bf6 35. a4 Kf7 36. b5 axb5 37. axb5 Ke8 38. Kf2 Bd4+ 39. Kf3 Kd7 40. Bf8 Nc3
41. c6+ bxc6 42. Bxc6+ Kc7 43. Bxh6 Bf6 44. Kg4 Nd1 45. Bxg5 Bg7 46. Kf3 Nc3 47.
h4 Kd6 48. h5 e5 49. h6 Bh8 50. Bd2 Na4 51. Bb4+ Ke6 52. Ba5 Nc5 53. b6 Kf5 54.
b7 Nxb7 55. Bxb7 Kg6 56. Bd2 Bf6 57. Be4+ Kf7 58. Kg4 Bh8 59. Kf5 1-0

[Event "Titled Tue 24th Jun Late"]
[Site "chess.com INT"]
[Date "2025.06.24"]
[Round "1"]
[White "Tristan, Leonardo"]
[Black "Pullela, Sricharan"]
[Result "1-0"]
[WhiteTitle "GM"]
[WhiteElo "2536"]
[BlackElo "2144"]
[WhiteFideId "113816"]
[BlackFideId "30951089"]
[EventDate "2025.06.24"]

1. d4 Nf6 2. Nf3 d6 3. Nc3 Nbd7 4. e4 e5 5. Bc4 h6 6. O-O Be7 7. Re1 O-O 8. a4
c6 9. h3 Qc7 10. Ba2 Re8 11. a5 Nf8 12. d5 Ng6 13. a6 bxa6 14. dxc6 Qxc6 15. Nd5
Bb7 16. c3 Rab8 17. Nh2 Nxd5 18. Bxd5 Qc7 19. Nf1 Bxd5 20. Qxd5 Rb6 21. Ne3 Nf4
22. Qd1 Qc6 23. Ra4 Reb8 24. Kh2 Bf8 25. g3 Ne6 26. Nd5 R6b7 27. Nb4 Qb5 28.
Rxa6 Nc5 29. Ra2 a5 30. Nd5 a4 31. Qe2 Qd7 32. f3 Qb5 33. Qxb5 Rxb5 34. Re2 Nd3
35. Rc2 Nxc1 36. Rxa4 Nd3 37. b4 Rc8 38. Kg1 f5 39. Rd2 Nc1 40. Rc2 Nb3 41. Rb2
Nc5 42. Ra7 Ne6 43. Rf2 fxe4 44. fxe4 Ng5 45. Re2 Nxe4 46. Rxe4 Rxd5 47. c4 Rd1+
48. Kf2 Rd2+ 49. Ke3 Rc2 50. Kd3 Rc1 51. b5 Rd1+ 52. Kc2 Rc1+ 53. Kxc1 d5 54.
Rxe5 Rxc4+ 55. Kd1 d4 56. Rd5 Rb4 57. Ra8 Kf7 1-0

[Event "Titled Tue 24th Jun Late"]
[Site "chess.com INT"]
[Date "2025.06.24"]
[Round "1"]
[White "Jing, Andrew"]
[Black "Amaya, Brayan Angel"]
[Result "1/2-1/2"]
[WhiteTitle "FM"]
[WhiteElo "2292"]
[BlackElo "1903"]
[WhiteFideId "30984076"]
[BlackFideId "39909646"]
[EventDate "2025.06.24"]

1. Nf3 d5 2. c4 e6 3. b3 Nf6 4. Bb2 Be7 5. g3 O-O 6. Bg2 b6 7. O-O Bb7 8. Ne5 c6
9. d3 Nbd7 10. Nd2 Nxe5 11. Bxe5 Nd7 12. Bb2 Bf6 13. Qc1 Bxb2 14. Qxb2 Qf6 15.
Qxf6 Nxf6 16. Rac1 Rad8 17. Nf3 Rfe8 18. cxd5 Nxd5 19. Ne5 c5 20. a3 Re7 21. Rc2
f6 22. Nc4 Red7 23. h4 Kf7 24. Rb1 g6 25. b4 cxb4 26. axb4 e5 27. b5 Ne7 28. Ra1
Bxg2 29. Kxg2 Rb8 30. Rca2 Rbb7 31. Kf3 Ke6 32. Ke3 Nd5+ 33. Kd2 Rbc7 34. f3 f5
35. Ne3 Ne7 36. Ke1 h6 37. Kf2 g5 38. hxg5 hxg5 39. Ra4 f4 40. gxf4 gxf4 41. Nc4
Nf5 42. Rh1 Rh7 43. Rxh7 Rxh7 44. Ra2 Nd4 45. Rb2 Kd5 46. Kg2 Re7 47. Kf2 Kc5
48. Na3 Rh7 49. Nc4 Rh5 50. Na3 Rh2+ 51. Kf1 Nxf3 52. Rc2+ Kb4 53. exf3 Rxc2 54.
Nxc2+ Kxb5 55. Ke2 a5 56. Kd2 Ka4 57. Kc3 Kb5 58. d4 exd4+ 59. Nxd4+ Kc5 60.
Ne6+ Kd5 61. Nxf4+ Kc5 62. Ne2 b5 63. f4 a4 64. f5 b4+ 65. Kb2 Kd5 66. f6 Ke6
67. Nd4+ Kxf6 68. Nc6 a3+ 69. Kb3 a2 70. Kxa2 b3+ 71. Kxb3 1/2-1/2

[Event "Titled Tue 24th Jun Late"]
[Site "chess.com INT"]
[Date "2025.06.24"]
[Round "1"]
[White "Ozen, Batuhan"]
[Black "Leiva, Gianmarco"]
[Result "0-1"]
[WhiteTitle "CM"]
[BlackTitle "IM"]
[WhiteElo "2128"]
[BlackElo "2387"]
[WhiteFideId "6345123"]
[BlackFideId "3804399"]
[EventDate "2025.06.24"]

1. c4 e6 2. Nf3 d5 3. g3 Nf6 4. Bg2 d4 5. b4 a5 6. b5 c5 7. bxc6 Nxc6 8. O-O Be7
9. Na3 O-O 10. d3 e5 11. Nb5 Nd7 12. Bb2 Nc5 13. Nd2 Bf5 14. Rb1 Qd7 15. Ba3
Rfe8 16. Nb3 Ne6 17. Qc1 a4 18. Nd2 Nc5 19. Bxc5 Bxc5 20. Ne4 Bf8 21. Qd2 b6 22.
Rfc1 Bc5 23. Qg5 Bg6 24. Nxc5 bxc5 25. Bd5 Ra6 26. h4 Kh8 27. h5 h6 28. Qh4 Bh7
29. a3 Na5 30. Rf1 Nc6 31. f4 e4 32. f5 exd3 33. exd3 f6 34. Rbe1 Ne5 35. Be6
Qd8 36. Re4 Nxd3 37. Rd1 Ne5 38. Qf4 Raxe6 39. fxe6 Bxe4 40. Qxe4 Rxe6 41. Qf5
Re8 42. Re1 d3 43. Rd1 d2 44. Kh2 Nxc4 45. Nc3 Ne3 46. Qf3 Nxd1 47. Nxd1 Qe7 48.
Kh3 Qe2 49. Qc6 Qe6+ 50. Qxe6 Rxe6 0-1

[Event "Titled Tue 24th Jun Late"]
[Site "chess.com INT"]
[Date "2025.06.24"]
[Round "1"]
[White "Beulen, Marcel"]
[Black "Barria, Jose"]
[Result "1/2-1/2"]
[WhiteTitle "FM"]
[BlackTitle "FM"]
[WhiteElo "2359"]
[BlackElo "2371"]
[WhiteFideId "1001450"]
[BlackFideId "1939300"]
[EventDate "2025.06.24"]

1. e4 c5 2. Nf3 e6 3. c3 d5 4. exd5 Qxd5 5. d4 Nf6 6. Be3 cxd4 7. cxd4 Bb4+ 8.
Nc3 O-O 9. Bd3 b6 10. O-O Bxc3 11. bxc3 Ba6 12. Ne5 Bxd3 13. Qxd3 Nc6 14. Nxc6
Qxc6 15. c4 Rfc8 16. Rac1 Rc7 17. Rc2 h6 18. Rfc1 Rd8 19. h3 Qe4 20. Qxe4 Nxe4
21. f3 Nd6 22. Bf4 Rc6 23. d5 exd5 24. cxd5 Rxc2 25. Rxc2 Nf5 26. Rc7 Rxd5 27.
Rxa7 h5 28. Rb7 b5 29. g4 Nh4 30. gxh5 Nxf3+ 31. Kf2 Ng5 32. Bxg5 Rxg5 33. h6
gxh6 34. a4 bxa4 35. Ra7 Rh5 36. Kg3 Kg7 37. Rxa4 Rb5 38. Ra6 f6 39. Kg4 Kg6 40.
Ra8 Rb4+ 41. Kg3 Rb3+ 42. Kg4 f5+ 43. Kf4 Rb4+ 44. Ke5 Re4+ 45. Kd5 h5 46. Rg8+
Kh6 47. Rg1 Re3 48. h4 Re4 49. Rg5 Rxh4 50. Rxf5 Rh1 51. Ke4 Kg6 52. Ra5 Rf1 53.
Ke3 h4 54. Ke2 Rf5 55. Ra1 Kg5 56. Rf1 Ra5 57. Kf2 Kg4 58. Kg2 Ra2+ 59. Rf2 h3+
60. Kg1 Ra1+ 61. Kh2 Ra4 62. Rd2 Rf4 63. Rc2 Kh4 64. Rb2 Rc4 65. Rd2 Rb4 66. Rc2
Ra4 67. Rb2 Rg4 68. Rc2 Rb4 69. Rd2 Rc4 70. Re2 Rd4 71. Rc2 Rb4 72. Ra2 Rf4 73.
Rb2 Kg4 74. Rc2 Rf3 75. Rb2 Kf4 76. Rc2 Ke4 77. Rb2 Ke5 78. Rc2 Kf5 79. Rb2 Kg4
80. Rc2 Rf5 81. Rc4+ Kf3 82. Rc3+ Kg4 83. Rc4+ Kf3 84. Rc3+ Kg4 85. Rc4+ 1/2-1/2

[Event "Titled Tue 24th Jun Late"]
[Site "chess.com INT"]
[Date "2025.06.24"]
[Round "1"]
[White "Holinka, Henning"]
[Black "Bezuch, Martin"]
[Result "1-0"]
[WhiteTitle "FM"]
[BlackTitle "FM"]
[WhiteElo "2303"]
[BlackElo "2238"]
[WhiteFideId "12967084"]
[BlackFideId "14906333"]
[EventDate "2025.06.24"]

1. Nf3 g6 2. e4 Bg7 3. d4 d6 4. Bc4 a6 5. O-O Nf6 6. Qe2 O-O 7. e5 Ne8 8. h3 c5
9. dxc5 dxc5 10. Rd1 Qc7 11. a4 Nc6 12. Bf4 Be6 13. Nc3 Rd8 14. Rxd8 Qxd8 15.
Rd1 Nd4 16. Nxd4 cxd4 17. Ne4 Nc7 18. Bg3 b5 19. axb5 axb5 20. Bxe6 Nxe6 21.
Qxb5 Qc7 22. c3 dxc3 23. bxc3 Rb8 24. Qd7 Bxe5 25. Qxc7 Bxc7 26. Bxc7 Nxc7 27.
Rd7 Rb1+ 28. Kh2 Ne6 29. Rxe7 Re1 30. Nf6+ Kf8 31. Ra7 h5 32. c4 Rc1 33. Nd7+
Kg7 34. Ne5 Kf6 35. Nxf7 Rxc4 36. Nd6 Rc2 37. Rf7+ Ke5 38. Ne8 Ng5 39. Rf8 Ne6
40. Rf7 Ng5 41. Re7+ Kf5 42. Kg1 Rc1+ 43. Kh2 Rc2 44. h4 Ne6 45. f3 g5 46. Nd6+
Kf6 47. Rf7+ Kg6 48. hxg5 Nxg5 49. Rf8 Kg7 50. Rf5 Kg6 51. Kg3 h4+ 52. Kxh4 Rxg2
53. Rf4 Nxf3+ 54. Rxf3 Rd2 55. Ne4 Ra2 56. Rf4 Ra4 57. Rg4+ Kf5 58. Ng3+ Kf6 59.
Rxa4 1-0

[Event "Titled Tue 24th Jun Late"]
[Site "chess.com INT"]
[Date "2025.06.24"]
[Round "1"]
[White "Mecit, Emre"]
[Black "Cernov, Henrik"]
[Result "1-0"]
[BlackTitle "FM"]
[WhiteElo "2007"]
[BlackElo "2325"]
[WhiteFideId "6304214"]
[BlackFideId "16258312"]
[EventDate "2025.06.24"]

1. e4 c5 2. Nf3 e6 3. c3 d5 4. exd5 Qxd5 5. d4 cxd4 6. cxd4 Nc6 7. Nc3 Bb4 8.
Be2 Nf6 9. O-O Qd7 10. Qb3 Bd6 11. Bg5 Nd5 12. Nxd5 exd5 13. Rfe1 O-O 14. h3 f6
15. Bd2 Qf7 16. Bd3 g5 17. Qc2 g4 18. hxg4 Bxg4 19. Nh4 Nxd4 20. Qa4 Be5 21. Bc3
Nc6 22. Qxg4+ Kh8 23. Qf5 Bxc3 24. bxc3 Rg8 25. g3 Rg5 26. Qf3 Ne5 27. Qe2 Rag8
28. Nf3 Rxg3+ 29. fxg3 Rxg3+ 30. Kf2 Rxf3+ 31. Qxf3 Nxf3 32. Kxf3 Qh5+ 33. Ke3
Qg5+ 34. Ke2 Qg2+ 35. Kd1 Qb2 36. Rc1 Qa3 37. Rh1 f5 38. Rf1 Qa4+ 39. Rc2 Qg4+
40. Kc1 f4 41. Rcf2 Qg3 42. Kc2 Qe3 43. Rxf4 Qe7 44. Rf8+ Kg7 45. R8f7+ Qxf7 46.
Rxf7+ Kxf7 47. Bxh7 Ke6 48. Kd3 Ke5 49. Bg8 b5 50. Bf7 a5 51. a3 Kd6 52. Kd4 Kc6
53. Bxd5+ Kb6 54. Be6 Kc6 55. Bf7 Kd6 56. Be8 b4 57. cxb4 axb4 58. axb4 Kc7 59.
Kc5 Kc8 60. b5 Kb8 61. Kb6 Ka8 62. Kc7 Ka7 63. b6+ Ka8 64. Bc6# 1-0

[Event "Titled Tue 24th Jun Late"]
[Site "chess.com INT"]
[Date "2025.06.24"]
[Round "1"]
[White "Bazan Romero, Octavio Aaron"]
[Black "Buchenau, Frank"]
[Result "1/2-1/2"]
[WhiteTitle "FM"]
[BlackTitle "FM"]
[WhiteElo "2289"]
[BlackElo "2205"]
[WhiteFideId "20003943"]
[BlackFideId "4604350"]
[EventDate "2025.06.24"]

1. d4 e6 2. Nc3 Nf6 3. e4 d5 4. Bg5 dxe4 5. Nxe4 Be7 6. Bxf6 gxf6 7. Nf3 f5 8.
Ng3 c5 9. dxc5 Qxd1+ 10. Rxd1 Bxc5 11. Bb5+ Bd7 12. Rxd7 Nxd7 13. Ne5 Rd8 14.
Ke2 Ke7 15. Nxd7 Rxd7 16. Bxd7 Kxd7 17. Rd1+ Ke7 18. c3 h5 19. Nf1 Rg8 20. g3 h4
21. b4 Bd6 22. f4 hxg3 23. hxg3 e5 24. Ne3 Ke6 25. Kf3 Rh8 26. Nxf5 Bc7 27. Ke4
Rh2 28. fxe5 Re2+ 29. Kf3 Rxa2 30. Nd4+ Kxe5 31. Nb5 Bb6 32. c4 Rf2+ 33. Kg4 Be3
34. Re1 Ke4 35. Nc3+ Kd3 36. Nd1 Bd4 37. Nxf2+ Bxf2 38. Re7 Kxc4 39. Rxb7 Bb6
40. Kf5 Kxb4 41. Rxf7 a5 42. Rb7 Kc5 43. Rb8 a4 44. Ra8 Kb4 45. g4 Ba5 46. Rb8+
Kc3 47. Rb1 a3 48. g5 a2 49. Rf1 Bb6 50. g6 Bd4 51. Ke4 Bg7 52. Kf5 Kb2 53. Rf2+
Kb1 54. Ke6 a1=Q 55. Rf1+ Kb2 56. Rxa1 Kxa1 57. Kf7 Bh6 58. Kg8 Kb2 59. Kh7 Bf8
60. Kg8 Bh6 61. Kh8 Kc3 62. g7 Bxg7+ 1/2-1/2

[Event "Titled Tue 24th Jun Late"]
[Site "chess.com INT"]
[Date "2025.06.24"]
[Round "1"]
[White "Kolimar, Kristof Pal"]
[Black "Bacrot, Etienne"]
[Result "1-0"]
[WhiteTitle "FM"]
[BlackTitle "GM"]
[WhiteElo "2368"]
[BlackElo "2633"]
[WhiteFideId "798410"]
[BlackFideId "605506"]
[EventDate "2025.06.24"]

1. d4 d5 2. c4 e6 3. Nf3 Nf6 4. g3 Be7 5. Bg2 O-O 6. O-O c6 7. Qc2 b6 8. Rd1 Bb7
9. Nc3 dxc4 10. Ne5 Qc8 11. Nxc4 c5 12. Bxb7 Qxb7 13. Bg5 cxd4 14. Rxd4 h6 15.
Bxf6 Bxf6 16. Rd2 Nc6 17. Rad1 Rad8 18. Ne4 Be7 19. Ned6 Qa8 20. Qe4 Rd7 21. Nb5
Rxd2 22. Rxd2 a6 23. Nxb6 Qb7 24. Nd4 Qxb6 25. Nxc6 Bf6 26. b3 g6 27. Nd4 Rc8
28. Kg2 Qb4 29. Qe3 Kg7 30. Nf3 Rc3 31. Rd3 Rc2 32. Rd2 Rc3 33. Rd3 Rc7 34. Qd2
Qb5 35. h4 h5 36. Qe3 Rc2 37. Rd2 Rc7 38. Qe4 Rc5 39. Qd3 Qc6 40. Qe3 Rc3 41.
Rd3 Rc2 42. Rd2 Rc5 43. Rd3 Qc7 44. Rd2 Rc3 45. Rd3 Rc2 46. Rd2 Rc1 47. Qe4 Qb6
48. Rc2 Rd1 49. Rd2 Ra1 50. Rc2 Qa5 51. a4 Qb6 52. Qd3 Rb1 53. Nd2 Rd1 54. Qf3
Qb4 55. Ne4 Qe1 56. Qxf6+ Kh7 57. Ng5+ Kh6 58. Qh8# 1-0

[Event "Titled Tue 24th Jun Late"]
[Site "chess.com INT"]
[Date "2025.06.24"]
[Round "1"]
[White "Hartge, Gedeon"]
[Black "Koellner, Ruben Gideon"]
[Result "0-1"]
[WhiteTitle "FM"]
[BlackTitle "IM"]
[WhiteElo "2328"]
[BlackElo "2503"]
[WhiteFideId "12932116"]
[BlackFideId "12993093"]
[EventDate "2025.06.24"]

1. e4 d6 2. d4 Nf6 3. f3 e5 4. Ne2 Nc6 5. Be3 d5 6. Nbc3 dxe4 7. Nxe4 Nxe4 8.
fxe4 exd4 9. Bxd4 Bg4 10. Bf2 Qf6 11. c3 Bd6 12. h3 Bh5 13. Qb3 O-O 14. Ng3 Bg6
15. Be2 Qe6 16. Qxe6 fxe6 17. O-O Ne5 18. Rad1 a6 19. a4 h6 20. Bd4 Rxf1+ 21.
Rxf1 Rf8 22. Rxf8+ Kxf8 23. Kf2 Nc6 24. Bf3 Nxd4 25. cxd4 Bf4 26. Ne2 Bd2 27.
Nc3 Bc1 28. b3 Bb2 29. Ne2 e5 30. d5 Be8 31. Ke3 b5 32. axb5 Bxb5 33. Ng3 g6 34.
Be2 Bd4+ 35. Kf3 Ke7 36. Bxb5 axb5 37. Ne2 Kd6 38. b4 Bb6 39. Kg3 Be3 40. Kf3
Bd2 41. h4 Bxb4 42. h5 gxh5 43. Ng3 Bd2 44. Nxh5 Bg5 45. Ng7 b4 46. Nf5+ Kc5 47.
Ke2 c6 48. Kd3 cxd5 49. exd5 Kxd5 50. Ng3 b3 51. Ne4 b2 52. Nc3+ Ke6 53. Nb1 Kf5
54. Ke2 Kg4 55. Kf2 Bc1 56. Nc3 Kf4 57. Nb1 Ke4 58. Ke2 Kd4 59. Kd1 Kd3 60. Na3
e4 61. Nb1 e3 62. Ke1 Bd2+ 63. Kd1 e2# 0-1

[Event "Titled Tue 24th Jun Late"]
[Site "chess.com INT"]
[Date "2025.06.24"]
[Round "1"]
[White "Sitbon, Itay"]
[Black "Van der Werf, Mark"]
[Result "1-0"]
[BlackTitle "IM"]
[WhiteElo "2206"]
[BlackElo "2390"]
[WhiteFideId "2820706"]
[BlackFideId "1000470"]
[EventDate "2025.06.24"]

1. e4 c5 2. d4 cxd4 3. c3 Nf6 4. e5 Nd5 5. cxd4 d6 6. exd6 e6 7. Nc3 Bxd6 8. Nf3
O-O 9. Bd3 Nc6 10. O-O Nce7 11. Ne4 b6 12. Qe2 Bb7 13. Rd1 Ng6 14. g3 Be7 15. h4
h6 16. h5 Nh8 17. Ne5 f6 18. Nc4 Nf7 19. Bd2 f5 20. Nc3 Nxc3 21. bxc3 Qd5 22. f3
Bg5 23. Rf1 Bxd2 24. Nxd2 Ng5 25. Bc4 Qd6 26. f4 Qc6 27. Kh2 Ne4 28. Nxe4 fxe4
29. Rad1 Rad8 30. f5 Kh8 31. Bxe6 Qd6 32. Qe3 Rde8 33. Rf4 Bc8 34. Bxc8 Rxc8 35.
Rd2 Qf6 36. Rdf2 b5 37. Rxe4 b4 38. Re6 Qg5 39. Qxg5 hxg5 40. cxb4 Rc4 41. h6
Rxd4 42. hxg7+ Kxg7 43. Rc2 Rxf5 44. Rc7+ Rf7 45. Ree7 Rxe7 46. Rxe7+ Kg6 47. a3
a5 48. b5 Rd2+ 49. Kh3 Rb2 50. Rb7 a4 51. Kg4 Rb3 52. Rb6+ Kf7 53. Ra6 Rxb5 54.
Rxa4 Kf6 55. Rb4 Ra5 56. a4 Kg6 57. Rb6+ Kf7 58. Rb4 1-0

[Event "Titled Tue 24th Jun Late"]
[Site "chess.com INT"]
[Date "2025.06.24"]
[Round "1"]
[White "Roberson, Peter T"]
[Black "Yglesias Herrera, Michel"]
[Result "1-0"]
[WhiteTitle "IM"]
[BlackTitle "CM"]
[WhiteElo "2433"]
[BlackElo "2054"]
[WhiteFideId "412384"]
[BlackFideId "3510840"]
[EventDate "2025.06.24"]

1. g3 c5 2. Bg2 e6 3. e4 Nc6 4. Ne2 Nf6 5. O-O d5 6. d3 Be7 7. f4 O-O 8. Nd2 Rb8
9. h3 b5 10. g4 d4 11. Ng3 Bb7 12. g5 Nd7 13. h4 f6 14. Qg4 f5 15. exf5 exf5 16.
Nxf5 Nb6 17. Ne4 Bc8 18. Nxe7+ Qxe7 19. f5 Ne5 20. Qh3 Nd5 21. Bd2 g6 22. f6
Bxh3 23. fxe7 Rxf1+ 24. Rxf1 Bxg2 25. Kxg2 Nd7 26. Nf6+ N7xf6 27. gxf6 Kf7 28.
h5 gxh5 29. Kh3 Rg8 30. Kh4 Rg6 31. Kxh5 Nxf6+ 32. Kh4 Kxe7 33. Rf5 Kd6 34. Bg5
Nd7 35. Kh5 a6 36. Rf7 Re6 37. Rxh7 Re2 38. Rh6+ Re6 39. Kg4 Nb6 40. Bf4+ Kd5
41. Rh5+ Kc6 42. Kf3 Nd5 43. Be5 c4 44. Bxd4 cxd3 45. cxd3 Nb4 46. Rc5+ Kd7 47.
Be5 Nxd3 48. Rc7+ Kd8 49. Bg3 Nb4 50. a3 Nd5 51. Ra7 Ne7 52. Kg4 Nc6 53. Rb7 Kc8
54. Rc7+ Kd8 55. Kf5 Nd4+ 56. Kg5 Re7 57. Rc1 Ne6+ 58. Kf6 Ke8 59. Bd6 1-0